Nederland - Gemeenten in Limburg - Statistieken

Algemene statistieken
  • Deze quiz is 181 keer genomen
  • De gemiddelde score is 14 van 33
Antwoordstatistieken
Antwoord % Correct
Maastricht
95%
Venlo
90%
Roermond
83%
Heerlen
79%
Kerkrade
74%
Sittard-Geleen
70%
Venray
70%
Weert
67%
Vaals
57%
Landgraaf
46%
Beek
42%
Brunssum
42%
Echt-Susteren
38%
Nederweert
37%
Eijsden-Margraten
36%
Roerdalen
36%
Stein
34%
Valkenburg aan de Geul
34%
Gulpen-Wittem
33%
Simpelveld
33%
Horst aan de Maas
31%
Nuth
31%
Peel en Maas
31%
Meerssen
30%
Bergen
28%
Schinnen
26%
Voerendaal
26%
Leudal
24%
Mook en Middelaar
24%
Onderbanken
24%
Gennep
23%
Maasgouw
23%
Beesel
22%
Geen overeenkomende quizzen gevonden
Scoreverdeling
Procent van Mensen met Elke Score
Percentiel versus Aantal Correcte Antwoorden
Uw Scoregeschiedenis
U heeft deze quiz nog niet genomen